00769 2200217 4500001002100000005001500021035002000036007000300056008004100059020002200100082001100122084001700133245007800150250001100228260004500239300003800284650001200322110002700334520017400361990001600535INLIS00000000000001120220331080235 a0010-0322000011ta220331 b 0 ind  a978-602-01-2472-8 a372.69 a372.69 GRA k1 aKUPETIK :bBuku Pendamping Tematik untuk SD/MI Kelas 6B /cTim Karya Guru aRevisi aBandung :bGrafindo Media Pratama,c2019 a220 halaman :bilustrasi ;c25 cm 4aTematik0 aGrafindo Media Pratama aBuku Pendamping Tematik (KUPETIK) 6B untuk SD/MI Kelas VI berisi latihan-latihan soal dan aktivitas yang dapat membantu siswa lebih aktif, kreatif, dan berpikir kritis. a00000000011